000 01499cam a22003498i 4500
001 21789326
005 20260612160710.0
008 201104s2021 enk b 001 0 eng
010 _a 2020049945
020 _a9781509946648 (pbk.)
040 _aDLC
_beng
_erda
_cDLC
042 _apcc
082 0 0 _a340.082 SCH
245 0 0 _aGender and careers in the legal academy /
_cUlrike Schultz, Gisela Shaw, Margaret Thornton,Rosemary Auchmuty.
263 _a2103
264 1 _aNew York, NY :
_bHart Publishing, an imprint of Bloomsbury Publishing,
_c2021.
300 _ax, 569 p. ;
_c24 cm.
365 _bRs. 7,234.00
490 0 _aOƱati international series in law and society
505 0 _aGender and careers in the legal academy; History of women in law faculties; first and early women law professors ; Personal narratives; Feminism in the legal academy; Reflections on masculinities and femininities in the legal academy.
650 0 _aWomen lawyers.
650 0 _aWomen judges.
650 0 _aPractice of law.
650 0 _aWomen
_xLegal status, laws, etc.
650 0 _aSex discrimination against women
_xLaw and legislation.
700 1 _aSchultz, Ulrike,
700 1 _aShaw, Gisela,
700 1 _aThornton, Margaret
700 1 _aAuchmuty, Rosemary,
776 0 8 _iOnline version:
_tGender and careers in the legal academy
_dOxford, UK ; New York, NY : Hart Publishing, an imprint of Bloomsbury Publishing, 2021
_z9781509923137
_w(DLC) 2020049946
942 _2ddc
_cBK
999 _c213369
_d213369